[Event "II Criciúma Chess Open - A1700 - 12-18"]
[Site "Criciúma SC"]
[Date "2024.01.12"]
[Round "1.1"]
[White "Do Nascimento, Christian Almeida"]
[Black "Quintiliano Pinto, Renato R."]
[Result "0-1"]
[WhiteElo "2123"]
[BlackElo "2493"]
[PlyCount "158"]
[EventDate "2024.01.12"]
[EventRounds "9"]
[EventCountry "BRA"]

1. e4 c5 2. c3 d5 3. exd5 Qxd5 4. d4 Nf6 5. Nf3 e6 6. Na3 Nc6 7. Nb5 Qd8 8.
dxc5 Bxc5 9. Qxd8+ Kxd8 10. Bg5 a6 11. O-O-O+ ({RR} 11. Nbd4 Nxd4 12. Nxd4 Bd7
13. O-O-O h6 14. Be3 Rc8 15. Nc2 {1/2-1/2 (15) Degraeve,J (2569)-Sokolov,A 
(2596) Belfort 2010}) ({RR} 11. Rd1+ Ke7 12. Nbd4 Nxd4 13. Nxd4 Bd7 14. Be2
Bxd4 15. Rxd4 Bc6 16. O-O Rhd8 17. Rfd1 Rxd4 18. Rxd4 h6 19. Be3 Nd5 20. Bf3
Rc8 21. Bc1 Nf6 22. Be2 Rd8 23. Rxd8 Kxd8 24. f3 Kd7 25. Kf2 e5 {Kovacevic,R 
(2117)-Tadic,K (2020) Subotica SRB 2019 1-0 (59)}) 11... Ke7 12. Nbd4 Bd7 13.
Bc4 h6 $146 ({RR} 13... Rhd8 14. Rhe1 Kf8 15. Rd2 Rac8 16. Bb3 b5 17. Red1 Ke7
18. Bc2 h6 19. Be3 Nxd4 20. Bxd4 Bxd4 21. Nxd4 Be8 22. f3 Rd5 23. Re1 Bd7 24.
Nf5+ Kf8 25. Rxd5 Nxd5 26. Ne3 Nb6 27. Ng4 Bc6 28. Ne5 {Petronijevic,Z (2310)
-Marinovic,B (2355) Cetinje 1991 1/2-1/2}) ({RR} 13... Rhc8 14. Rhe1 Nxd4 15.
Nxd4 Ba4 16. Bb3 Bxb3 17. axb3 Kf8 18. Bxf6 gxf6 19. Re4 Rd8 20. b4 Be7 21. Nb3
Rxd1+ 22. Kxd1 Rd8+ 23. Ke2 f5 24. Rc4 Rd7 25. Rc8+ Kg7 26. Nc5 Bxc5 27. bxc5
Kf6 28. f4 {Terhorst,J (2182)-Schirmer,W (2028) Lueneburg 2013 1-0 (36)}) 14.
Be3 Nxd4 15. Bxd4 Rac8 16. Ne5 Rhd8 17. Bb3 Be8 18. Bxc5+ Rxc5 19. Rxd8 Kxd8
20. f4 g5 21. g3 Ke7 22. Re1 gxf4 23. Nd3 Rg5 24. Nxf4 Bd7 25. Bd1 Bc6 26. Nd3
Nd7 27. Nb4 Bg2 28. Nd3 a5 29. Nf4 Bc6 30. Bc2 h5 31. Bd1 Nf6 32. Re3 Ng4 33.
Bxg4 hxg4 34. h4 gxh3 35. Nxh3 Rh5 36. Nf4 Rh1+ 37. Kc2 Kf6 38. Nd3 Bd5 39. b3
Rh2+ 40. Kb1 Ke7 41. Nf4 Bc6 42. Re2 Rh1+ 43. Kb2 Rg1 44. Re3 Kd6 45. c4 b6 46.
a3 e5 47. Rd3+ Kc5 48. Ne2 Rg2 49. Re3 f6 50. Kc3 Be8 51. b4+ Kd6 52. Rd3+ Kc6
53. Re3 Bg6 54. Kb3 Kc7 55. bxa5 bxa5 56. Ka4 Kb6 57. c5+ Ka6 58. Kb3 Bh5 59.
Nc1 Kb5 60. a4+ Kxc5 61. Rc3+ Kb6 62. Ka3 e4 63. Rb3+ Kc6 64. Rb5 Rxg3+ 65. Kb2
Rg5 66. Rxg5 fxg5 67. Kc3 Kd5 68. Nb3 Bd1 69. Nxa5 Bxa4 70. Nc4 Bb5 71. Ne3+
Ke5 72. Kd2 Kf4 73. Ng2+ Kf3 74. Ne1+ Kf2 75. Nc2 g4 76. Ne3 g3 77. Ng4+ Kf3
78. Ne5+ Kf4 79. Ng6+ Kg5 0-1

[Event "II Criciúma Chess Open - A1700 - 12-18"]
[Site "Criciúma SC"]
[Date "2024.01.12"]
[Round "1.2"]
[White "Di Berardino, Diego Rafael"]
[Black "Lima, Kleyton Alcantara"]
[Result "1-0"]
[WhiteElo "2480"]
[BlackElo "2119"]
[PlyCount "51"]
[EventDate "2024.01.12"]
[EventRounds "9"]
[EventCountry "BRA"]

1. d4 Nf6 2. c4 e6 3. Nc3 Bb4 4. e3 O-O 5. Bd3 c5 6. Nge2 Nc6 7. O-O d6 8. Qc2
Ba5 9. a3 Bb6 ({RR} 9... h6 10. b3 cxd4 11. Nxd4 Nxd4 12. exd4 Bb6 13. Ne2 e5
14. dxe5 dxe5 15. Bb2 Re8 16. c5 Bc7 17. Ng3 Bg4 18. h3 Bd7 19. Rfe1 Rc8 20.
Rad1 Qe7 21. f4 Be6 22. fxe5 Nd5 23. Ne4 Nf4 24. Bb5 {Popilski,G (2492)-Bartel,
M (2650) Basel 2014 1-0 (50)}) ({RR} 9... Qe7 10. b3 Bc7 11. Bb2 Rd8 12. Rad1
h6 13. Kh1 cxd4 14. exd4 d5 15. h3 Qd6 16. f4 Qe7 17. Bc1 dxc4 18. bxc4 Kh8 19.
Be4 Nxe4 20. Nxe4 b6 21. Bb2 Bb7 22. N2g3 f5 23. Nf2 Qh4 24. Ne2 {Herega,N 
(1976)-Tsivelekidou,E (1985) Corum TUR 2019 1-0 (44)}) 10. dxc5 dxc5 11. Ng3
Ne5 $146 ({RR} 11... Qe7 12. b3 Bd7 13. Bb2 Bc7 14. f4 h6 15. Qe2 Rad8 16. Rad1
Bc8 17. Bb1 Rxd1 18. Qxd1 Rd8 19. Qc2 g6 20. Ba1 a6 21. Qb2 e5 22. Nge4 Be6 23.
Nxf6+ Qxf6 24. f5 gxf5 25. Nd5 Bxd5 26. cxd5 {Kelecevic,N (2385)-Bjerring,K 
(2305) Liechtenstein 1988 1-0 (50)}) 12. Be2 Bc7 13. b4 b6 14. Nb5 Bb8 15. f4
Nc6 16. Bf3 Bb7 17. bxc5 bxc5 18. Rb1 Qe7 19. Nc3 Na5 20. e4 e5 21. Nf5 Qe6 22.
Rb5 Bc7 23. Nd5 Nxd5 24. exd5 Qd7 25. Bd2 Nxc4 26. Rxb7 1-0

[Event "II Criciúma Chess Open - A1700 - 12-18"]
[Site "Criciúma SC"]
[Date "2024.01.12"]
[Round "1.3"]
[White "Lage, Pedro Ferreira"]
[Black "Cubas, Jose Fernando"]
[Result "0-1"]
[WhiteElo "2100"]
[BlackElo "2427"]
[PlyCount "74"]
[EventDate "2024.01.12"]
[EventRounds "9"]
[EventCountry "BRA"]

1. Nf3 Nf6 2. c4 e6 3. g3 d5 4. d4 Bb4+ 5. Nbd2 dxc4 6. Bg2 Bd7 ({RR} 6... b5
7. O-O a5 8. a4 c6 9. Ne1 Nd5 10. e4 Nb6 11. Nc2 bxa4 12. e5 Be7 13. Qg4 g6 14.
Ne4 h5 15. Qf3 h4 16. Rd1 Ba6 17. Ne3 Rh5 18. g4 Rh7 19. g5 N8d7 20. Ng4 Bb5
21. Bh3 {Rodshtein,M (2695)-Fedoseev,V (2731) Tbilisi 2017 0-1 (43)}) 7. O-O
Bc6 ({RR} 7... Bxd2 8. Bxd2 Bc6 9. Qc2 Ne4 10. Qxc4 Nxd2 11. Nxd2 Bxg2 12. Kxg2
c6 13. Ne4 O-O 14. Nc5 Qc7 15. Qb3 Nd7 16. Rac1 Nxc5 17. Rxc5 Rfd8 18. e3 Rd5
19. Rfc1 Rad8 20. h4 h5 21. R1c3 g6 22. a3 {Dudin,G (2474)-Fier,A (2573)
Roquetas de Mar ESP 2022 0-1 (49)}) 8. Nxc4 Nbd7 $146 ({RR} 8... O-O 9. a3 Be7
10. Bf4 a5 11. Qd2 a4 12. Rac1 Be4 13. Rfd1 c6 14. Qe1 Bd5 15. Bd2 Nbd7 16. Bb4
Ne4 17. Nfe5 Ra6 18. f3 Bxc4 19. Nxc4 Nef6 20. e4 Re8 21. f4 Nf8 22. Rc2 Bxb4
23. Qxb4 {Hjelmaas,L (2291)-Furman,B (2239) Paracin 2015 1-0 (39)}) 9. Bf4 O-O
10. Rc1 Nb6 11. a3 Nxc4 12. axb4 Nd6 13. Rxc6 bxc6 14. Ne5 Nd5 15. Nxc6 Qd7 16.
Qc2 Nxf4 17. gxf4 f6 18. Ra1 a6 19. Qd3 Nb5 20. e3 Kh8 21. Be4 Rg8 22. Kh1 g6
23. Rc1 Nd6 24. Bf3 Raf8 25. Rc5 Nb7 26. Rc1 g5 27. f5 exf5 28. Qc4 Nd6 29. Qd5
f4 30. exf4 gxf4 31. Qh5 Rg7 32. Re1 Rfg8 33. h3 Nf5 34. Be4 Rg5 35. Qf3 Ng3+
36. Kh2 Nxe4 37. Qxe4 Qxh3+ 0-1

[Event "II Criciúma Chess Open - A1700 - 12-18"]
[Site "Criciúma SC"]
[Date "2024.01.12"]
[Round "1.4"]
[White "Matsuura, Everaldo"]
[Black "Mariani, Daniel Brandao"]
[Result "1-0"]
[WhiteElo "2410"]
[BlackElo "2040"]
[PlyCount "105"]
[EventDate "2024.01.12"]
[EventRounds "9"]
[EventCountry "BRA"]

1. c4 e6 2. Nf3 c5 3. e3 ({RR} 3. Nc3 b6 4. d4 cxd4 5. Nxd4 d6 6. a4 Nf6 7. e4
Bb7 8. Bd3 Be7 9. a5 O-O 10. axb6 axb6 11. Rxa8 Bxa8 12. O-O Nc6 13. Nxc6 Bxc6
14. Re1 h6 15. Bb1 Re8 16. Qd3 Bf8 17. h3 g6 {Ksieski,Z (2394)-Kunz,K (2196)
Leipzig 2001 1-0 (43)}) 3... Nc6 4. Nc3 ({RR} 4. d4 cxd4 5. Nxd4 Qc7 6. Be2 Nf6
7. Nc3 Bb4 8. Ndb5 Qb8 9. Bd2 a6 10. Nd4 O-O 11. O-O b6 12. a3 Bd6 13. g3 Bb7
14. b4 Be7 15. Qc2 Ne5 16. f4 Ng6 17. e4 e5 18. Nf5 Bd8 {Oster,J (1479)
-Martins,D (1339) Sao Martinho do Porto POR 2018 1-0 (52)}) 4... a6 $146 ({RR} 
4... Nge7 5. d4 cxd4 6. exd4 Ng6 7. a3 Be7 8. Bd3 Nh4 9. Be2 Nxg2+ 10. Kf1 Nh4
11. d5 Nxf3 12. Bxf3 Ne5 13. Be2 d6 14. Rg1 Ng6 15. Ne4 e5 16. Qb3 f5 17. Ng5
f4 18. Ne6 Bxe6 19. dxe6 {Peranovic,Z (1562)-Gubic,S (1847) Kranj 2005 0-1 (61)
}) 5. d4 d5 6. cxd5 exd5 7. dxc5 Nf6 8. Na4 Bxc5 9. Nxc5 Qa5+ 10. Bd2 Qxc5 11.
Rc1 Qe7 12. Bc3 O-O 13. Be2 Bg4 14. O-O Rfd8 15. Nd4 Bxe2 16. Qxe2 Ne5 17. Nf3
Nc6 18. Rfd1 Ne4 19. Nd4 Ne5 20. Nf5 Qe6 21. Bxe5 Qxf5 22. Bc7 Rdc8 23. Rc2 Nd6
24. Rdc1 Ne8 25. Bg3 Rxc2 26. Qxc2 Qxc2 27. Rxc2 f6 28. Rd2 Rc8 29. Kf1 Rc5 30.
b4 Rb5 31. Rd4 a5 32. bxa5 Rxa5 33. a4 Kf7 34. Rb4 Kg6 35. Ke2 f5 36. Be5 Ra6
37. Kd3 Nf6 38. Kd4 Ra5 39. f3 h6 40. Bc7 Ra6 41. a5 Rc6 42. Rxb7 Rc4+ 43. Kd3
Nd7 44. Kd2 Nc5 45. Rb6+ Kf7 46. Bd6 Nd7 47. Rb7 Ke6 48. Bb4 Rc6 49. Bc3 g6 50.
Bd4 Ra6 51. Rb5 Kd6 52. Kc3 Rc6+ 53. Kb3 1-0

[Event "II Criciúma Chess Open - A1700 - 12-18"]
[Site "Criciúma SC"]
[Date "2024.01.12"]
[Round "1.5"]
[White "Martins Jr Sobrinho, Manuel De"]
[Black "Languidey, Simon Alejandro"]
[Result "0-1"]
[WhiteElo "2018"]
[BlackElo "2402"]
[PlyCount "138"]
[EventDate "2024.01.12"]
[EventRounds "9"]
[EventCountry "BRA"]

1. e4 c5 2. Nf3 d6 3. d4 cxd4 4. Nxd4 Nf6 5. Nc3 a6 6. h3 e5 7. Nde2 h5 8. Bg5
Be6 9. Bxf6 Qxf6 10. Nd5 Qd8 11. Qd3 Nd7 12. O-O-O g6 13. Kb1 Nc5 14. Qa3 Bg7
15. Nec3 O-O 16. h4 b5 17. Be2 Rb8 $146 ({RR} 17... Bxd5 18. Rxd5 Qf6 19. Bf3
Rfb8 20. Ne2 Bh6 21. Qa5 b4 22. c3 Rb5 23. Qc7 Bf8 24. cxb4 Rxb4 25. Nc3 Rab8
26. Rd2 Qe6 27. Qc6 Qc4 28. Nd1 Nxe4 29. Qxe4 Qxe4+ 30. Bxe4 Rxe4 31. Nc3 Reb4
32. Nd5 {Oglaza,O (2185)-Bjerre,J (2357) Rymanow Zdroj 2017 0-1 (48)}) 18. f3
Bd7 19. b4 a5 20. g4 Kh8 21. gxh5 gxh5 22. Qc1 axb4 23. Nxb4 Be8 24. Rhg1 f5
25. Rxg7 Kxg7 26. Rg1+ Kh7 27. Rg5 f4 28. Qg1 Ne6 29. Rg2 Qb6 30. Qxb6 Rxb6 31.
Ncd5 Rb7 32. Bf1 Nd4 33. Rf2 Rg7 34. c3 Ne6 35. Bh3 Nc5 36. Kc2 Rg3 37. Bf5+
Bg6 38. Bxg6+ Rxg6 39. Ne7 Rg1 40. Nbd5 Ra8 41. Nb4 Ra7 42. Nf5 Na6 43. Nd5 Nc7
44. Nb4 d5 45. Rd2 Rf1 46. exd5 Rxf3 47. d6 Ne6 48. d7 Nd8 49. Re2 Rxd7 50.
Rxe5 Rc7 51. Nd5 Ra7 52. Nb4 Rh3 53. Re2 Rf7 54. Nd6 f3 55. Rf2 Rf4 56. Kd2 Ne6
57. Nxb5 Rfxh4 58. Ke3 Ng5 59. Nd4 Re4+ 60. Kd3 Rg4 61. Ke3 Rh1 62. Nxf3 Rh3
63. Ke2 Re4+ 64. Kd3 Rf4 65. a4 Rhxf3+ 66. Rxf3 Rxf3+ 67. Kd4 h4 68. a5 h3 69.
a6 h2 0-1

[Event "II Criciúma Chess Open - A1700 - 12-18"]
[Site "Criciúma SC"]
[Date "2024.01.12"]
[Round "1.6"]
[White "Do Valle Cardoso, Lucas"]
[Black "Goncalves, Nata"]
[Result "1-0"]
[WhiteElo "2392"]
[BlackElo "1998"]
[PlyCount "49"]
[EventDate "2024.01.12"]
[EventRounds "9"]
[EventCountry "BRA"]

1. e4 e5 2. Nf3 Nc6 3. Bc4 Nf6 4. Ng5 d5 5. exd5 Na5 6. Bb5+ c6 7. dxc6 bxc6 8.
Bd3 Nd5 9. Nf3 Bd6 10. O-O O-O 11. Re1 f5 12. Nxe5 Qf6 13. Nf3 g5 14. c4 Nf4
15. Bf1 g4 16. d4 gxf3 17. Qxf3 Ng6 ({RR} 17... Ne6 18. c5 Bc7 19. b4 Qxd4 20.
Qc3 Qxc3 21. Nxc3 Nb7 22. Bc4 Re8 23. Bb2 a5 24. b5 Nbxc5 25. Ba3 Ne4 26. Nxe4
fxe4 27. b6 Bxb6 28. Rxe4 Kf7 29. Rae1 Ra7 30. Kh1 a4 31. f4 Ra5 32. g4 {
Aronian,L (2772)-Vidit,S (2722) Kolkata IND 2019 1-0 (54)}) 18. c5 Bc7 19. b4
Qh4 $146 ({RR} 19... Nb7 20. Qb3+ Kg7 21. Bb2 f4 22. d5 Be5 23. Rxe5 Nxe5 24.
Nd2 Bf5 25. Re1 Rae8 26. Rxe5 Rxe5 27. Nf3 Rxd5 28. Bxf6+ Rxf6 29. Bc4 Rd7 30.
h3 Nd8 31. Ne5 Re7 32. Qc3 h5 33. a4 Be4 34. Qd4 {Vazquez,G (2536)-Gauri,S 
(2373) Charlotte USA 2022 1-0 (36)}) 20. g3 Qxd4 21. bxa5 Ne5 22. Qb3+ Nf7 23.
Bb2 Qxc5 24. Bc4 Bd7 25. Qc3 1-0

[Event "II Criciúma Chess Open - A1700 - 12-18"]
[Site "Criciúma SC"]
[Date "2024.01.12"]
[Round "1.7"]
[White "Cunha E Silva, Carlos Alberto V."]
[Black "Perdomo, Leandro"]
[Result "0-1"]
[WhiteElo "1984"]
[BlackElo "2382"]
[PlyCount "44"]
[EventDate "2024.01.12"]
[EventRounds "9"]
[EventCountry "BRA"]

1. e4 e5 2. Nf3 Nc6 3. Bb5 a6 4. Ba4 Nf6 5. O-O Be7 6. Re1 b5 7. Bb3 d6 8. c3
O-O 9. h3 Na5 10. Bc2 c5 11. d4 Nd7 12. Nbd2 cxd4 13. cxd4 Nc6 14. Nf1 Nxd4 15.
Nxd4 exd4 16. Qxd4 Ne5 17. Ng3 ({RR} 17. Rd1 Qc7 18. Ne3 Bxh3 19. Nd5 Qd8 20.
Nxe7+ Qxe7 21. Qxd6 Qxd6 22. Rxd6 Be6 23. b3 Rac8 24. Rd2 Nc6 25. Ba3 b4 26.
Bb2 a5 27. Bd3 a4 28. bxa4 Na5 29. Bd4 Rb8 30. Be5 Rb7 31. Rc2 f6 {Ljubojevic,
L (2635)-Portisch,L (2625) Tilburg 1984 1-0 (43)}) 17... Bxh3 18. f4 ({RR} 18.
Bf4 Bf6 19. Qb4 Bg4 20. Nf5 Bxf5 21. exf5 Rc8 22. Re2 Rc4 23. Qd2 h5 24. Rd1
Qc8 25. Bb3 Rc6 26. Qd5 Rc5 27. Qxd6 Rd8 28. Qb6 Rxd1+ 29. Bxd1 Qxf5 30. Rxe5
Bxe5 31. Qxc5 Qxf4 32. Qc8+ Kh7 {Berezhnoy,A (1719)-Gressmann,M (1883) Oberhof
2013 0-1 (55)}) 18... Bh4 $146 ({RR} 18... Nc6 19. Qc3 Bd7 20. e5 dxe5 21. fxe5
Qa5 22. Qe3 Bc5 23. Qxc5 Qxe1+ 24. Kh2 Qxe5 25. Qa3 h5 26. Qd3 g6 27. Qxd7 Nd4
28. Bxg6 fxg6 29. Qh3 Ne2 30. Bh6 Rf7 31. Re1 Qxg3+ 32. Qxg3 Nxg3 33. Kxg3 {
Hoffmann,J (1327)-Wierzbicki,J (1405) Oberhof 2011 0-1 (76)}) 19. Kh2 Bxg3+ 20.
Kxg3 Ng6 21. gxh3 Qh4+ 22. Kh2 Qxe1 0-1

[Event "II Criciúma Chess Open - A1700 - 12-18"]
[Site "Criciúma SC"]
[Date "2024.01.12"]
[Round "1.8"]
[White "Hoffman, Alejandro"]
[Black "Pedroso, Denian"]
[Result "1-0"]
[WhiteElo "2358"]
[BlackElo "1924"]
[PlyCount "55"]
[EventDate "2024.01.12"]
[EventRounds "9"]
[EventCountry "BRA"]

1. Nf3 c5 2. g3 d5 3. Bg2 Nf6 4. O-O g6 5. c4 Bg7 6. cxd5 Nxd5 7. Nc3 O-O 8. h4
$146 ({RR} 8. Ne1 Nxc3 9. bxc3 Bxc3 10. Rb1 Na6 11. Rxb7 Bxb7 12. Bxb7 Nc7 13.
Bxa8 Nxa8 14. Qc2 Ba5 15. Nd3 Bb6 16. Bb2 Nc7 17. Ne5 Qd5 18. a3 Ne6 19. d3 Nd4
20. Bxd4 cxd4 21. Nc4 Qe6 22. Rb1 Rc8 {Iliesco,J-Tartakower,S Argentina 1931 1/
2-1/2 (31)}) ({RR} 8. Nxd5) ({RR} 8. a3 Nc6 9. Qb3 Nxc3 10. bxc3 b6 11. d4 cxd4
12. Nxd4 Na5 13. Qb4 Rb8 14. Bg5 f6 15. Be3 a6 16. Rfd1 Qe8 17. c4 Bd7 18. Rac1
e5 19. Bd5+ Kh8 20. Nf3 Nc6 21. Qd6 Qc8 22. Rb1 Re8 {Miklosi,A (2033)-Botragyi,
T (2003) Hungary 2016 1-0}) ({RR} 8. e4 Nxc3 9. dxc3 Nc6 10. Be3 b6 11. Qc2 Ba6
12. Rfd1 Qc7 13. Rd2 Rad8 14. Rad1 Rxd2 15. Rxd2 Rd8 16. Ne1 Rxd2 17. Qxd2 Qd8
18. Qxd8+ Nxd8 {1/2-1/2 (18) Popovic,V-Neikirkh,O Novi Sad 1945}) ({RR} 8. Nb5
Nb4 9. d3 N4c6 10. a4 Na6 11. Be3 Bd7 12. Qd2 Na5 13. Ra3 Rc8 14. Ng5 Nc6 15.
Rc1 Qb6 16. Ne4 Nd4 17. Nec3 Nb4 18. Bh6 Bxh6 19. Qxh6 Nf5 20. Qf4 a6 21. a5
Qd8 22. Bxb7 axb5 {Tylor,T-Yanofsky,D Hastings 1953 1/2-1/2 (64)}) 8... Nc6 9.
h5 Nxc3 10. bxc3 Bg4 11. hxg6 hxg6 12. Rb1 Qd7 13. Ng5 Qc7 14. d3 Bxc3 15. Qa4
Nd4 16. e3 Bd7 17. Qd1 Nc6 18. Ne4 Bg7 19. Nxc5 Bc8 20. Qa4 Rb8 21. Bd2 b6 22.
Qxc6 Qxc6 23. Bxc6 Bh3 24. Nd7 Rbc8 25. Nxf8 Bxf1 26. Nxg6 Bf6 27. Kxf1 Rxc6
28. Nf4 1-0

[Event "II Criciúma Chess Open - A1700 - 12-18"]
[Site "Criciúma SC"]
[Date "2024.01.12"]
[Round "1.9"]
[White "Borger, David Lupovici"]
[Black "Umetsubo, Cesar Hidemitsu"]
[Result "1/2-1/2"]
[WhiteElo "1899"]
[BlackElo "2349"]
[PlyCount "94"]
[EventDate "2024.01.12"]
[EventRounds "9"]
[EventCountry "BRA"]

1. e4 c5 2. d4 cxd4 3. c3 d5 4. exd5 Qxd5 5. cxd4 Nf6 6. Nc3 Qd6 7. Bg5 e6 8.
Bxf6 gxf6 9. Nf3 Bg7 10. Bb5+ Bd7 11. O-O f5 $146 ({RR} 11... O-O 12. Rc1 a6
13. Bxd7 Nxd7 14. d5 Ne5 15. Nxe5 fxe5 16. Qb3 exd5 17. Nxd5 Rac8 18. Qxb7 Rb8
19. Qc6 Rfd8 20. Qxd6 Rxd6 21. Rfd1 Bf8 22. b3 Rb5 23. Ne3 Rxd1+ 24. Rxd1 Kg7
25. Kf1 a5 26. Rd5 {Jansa,V (2495)-Johansson,P Gausdal 1991 1-0 (41)}) 12. Re1
O-O 13. Qe2 a6 14. Bxd7 Nxd7 15. Rad1 Bf6 16. Qe3 Kh8 17. Ne2 Rg8 18. Nf4 Nb6
19. Nh5 Nd5 20. Qd2 Qe7 21. Nf4 Rad8 22. g3 Nxf4 23. Qxf4 Rg4 24. Qh6 Rg6 25.
Qf4 Qd6 26. Ne5 Rg7 27. d5 Bxe5 28. Qxe5 Qxe5 29. Rxe5 f4 30. Kf1 fxg3 31. hxg3
Rg4 32. Ke2 exd5 33. Rexd5 Re8+ 34. Kf3 Rge4 35. R1d2 R4e7 36. Rd7 Kg7 37. R2d6
f6 38. Rxe7+ Rxe7 39. Kg4 Kg6 40. f4 h5+ 41. Kf3 Kf5 42. Rd5+ Kg6 43. Rd6 Rc7
44. Re6 Kf5 45. Rd6 Rc2 46. Rb6 Rc7 47. Rd6 Re7 1/2-1/2

[Event "II Criciúma Chess Open - A1700 - 12-18"]
[Site "Criciúma SC"]
[Date "2024.01.12"]
[Round "1.10"]
[White "Gemy, Jose Daniel"]
[Black "Schena, Arthur"]
[Result "1-0"]
[WhiteElo "2329"]
[BlackElo "1878"]
[PlyCount "73"]
[EventDate "2024.01.12"]
[EventRounds "9"]
[EventCountry "BRA"]

1. e4 c5 2. Nf3 e6 3. d4 cxd4 4. Nxd4 Nf6 5. Nc3 Nc6 6. Nxc6 bxc6 7. e5 Nd5 8.
Ne4 Qc7 9. f4 Qa5+ 10. Qd2 Qb6 11. a3 f5 12. Nf2 Bc5 13. Nd1 a5 14. c4 Ne7 15.
Qc2 a4 16. Nc3 Qa7 $146 ({RR} 16... Be3 17. h4 Bd4 18. Rh3 Qa7 19. Rd3 O-O 20.
Nxa4 Ba6 21. Rb1 c5 22. Be2 Bb7 23. Nc3 Bxc3+ 24. bxc3 Be4 25. Bf3 Bxd3 26.
Qxd3 Rab8 27. Rb5 Nc6 28. Qd6 Na5 29. Qd3 Nb3 30. Bb2 Rxb5 31. cxb5 {Olivieri,
M (2270)-Ricardi,P (2470) Buenos Aires 1994 0-1 (40)}) 17. Be2 Ng6 18. Bd1 Be3
19. g3 Qd4 20. Bxe3 Qxe3+ 21. Qe2 Qd4 22. Bxa4 Ba6 23. Bb3 Ke7 24. Rd1 Qc5 25.
Ba2 h5 26. h4 Qa5 27. Qd2 Qc7 28. Qd6+ Qxd6 29. Rxd6 Rhb8 30. Rh2 Ra7 31. Kd1
Nh8 32. Kc1 Nf7 33. Rd3 d5 34. exd6+ Nxd6 35. b3 c5 36. Re2 Bb7 37. Rxd6 1-0

[Event "II Criciúma Chess Open - A1700 - 12-18"]
[Site "Criciúma SC"]
[Date "2024.01.12"]
[Round "1.11"]
[White "Torella, Rodolfo"]
[Black "Filgueiras, Nathan Felipe"]
[Result "0-1"]
[WhiteElo "1878"]
[BlackElo "2321"]
[PlyCount "74"]
[EventDate "2024.01.12"]
[EventRounds "9"]
[EventCountry "BRA"]

1. e4 c5 2. Nf3 Nc6 3. d4 cxd4 4. Nxd4 e5 5. Nb5 d6 6. c4 Be7 7. N1c3 a6 8. Na3
f5 9. exf5 Bxf5 10. Bd3 Be6 11. O-O Nf6 12. Nc2 O-O 13. Ne3 ({RR} 13. a4 Kh8
14. Be3 Ng4 15. b3 Qe8 16. Be4 Rc8 17. h3 Nxe3 18. fxe3 Rxf1+ 19. Qxf1 Qh5 20.
Qf3 Qh6 21. Rf1 g6 22. Nd5 Rf8 23. Qe2 Bg5 24. Rxf8+ Qxf8 25. Qf3 Qxf3 26. Bxf3
Bf5 27. Ne1 Kg7 {Jakovenko,D (2581)-Lautier,J (2676) playchess.com INT 2004 1/
2-1/2 (59)}) 13... Qd7 14. Ned5 ({RR} 14. b3 Rae8 15. Ba3 Nd4 16. Ne4 Kh8 17.
Nxf6 gxf6 18. Bb2 f5 19. f4 Bf6 20. Rb1 Qg7 21. Kh1 e4 22. Be2 Nxe2 23. Qxe2
Bxb2 24. Rxb2 Rd8 25. Rd2 Rd7 26. Rfd1 Rfd8 27. Qf2 Qf7 28. h3 d5 {Jary,S 
(2275)-Nathan,N (1864) chess.com INT 2022 1-0 (59)}) 14... Bxd5 $146 ({RR} 
14... Bd8 15. Be3 Rc8 16. Rc1 Kh8 17. b3 Ne7 18. Nxf6 gxf6 19. f4 f5 20. Qh5
Ng6 21. fxe5 Nxe5 22. Rcd1 Rf7 23. Bd4 Bf6 24. Bxf5 Nxc4 25. Bxf6+ Rxf6 26.
Bxe6 Rxf1+ 27. Rxf1 Qxe6 28. bxc4 Qe3+ 29. Kh1 {Michiels,B (2459)-Potapov,P 
(2464) Khanty-Mansiysk 2010 1/2-1/2 (51)}) ({RR} 14... Bd8 15. Nxf6+ Bxf6 16.
Nd5 Bxd5 17. cxd5 Ne7 18. Be4 Rac8 19. Be3 Qb5 20. Qh5 g6 21. Qg4 Kg7 22. Qe6
Qb4 23. Rfe1 Nf5 24. Bxf5 Rce8 25. a3 Qb3 26. Qxd6 gxf5 27. Qb6 Qxd5 28. Red1
Qf7 29. Rd2 {Perissinotto,C (2100)-Salvador,R (2340) Ceriano Laghetto 2005 1-0
(46)}) ({RR} 14... Rae8 15. Be3 Bd8 16. a3 Kh8 17. Nxf6 gxf6 18. Nd5 f5 19. f4
Rf7 20. Qd2 Rg8 21. Rad1 Rfg7 22. Rf2 Bh4 23. g3 Bxg3 24. hxg3 Rxg3+ 25. Kf1
Qg7 26. Ke1 Bxd5 27. cxd5 exf4 28. Bxf4 Re8+ 29. Be2 {Marczuk,D (2292)
-Kaczmarek,A (2363) Polanica Zdroj POL 2021 1/2-1/2}) 15. Nxd5 Nxd5 16. cxd5
Nd4 17. Be3 Nf5 18. Qg4 g6 19. h4 Rad8 20. h5 Kg7 21. Bb6 Rc8 22. hxg6 hxg6 23.
g3 Bd8 24. Be3 Qf7 25. Qe4 Bf6 26. Bb6 Ne7 27. Bc4 Bg5 28. Bb3 Rh8 29. Rae1 Qf5
30. f4 Qh3 31. Qg2 Bf6 32. Ba5 Nf5 33. fxe5 Bxe5 34. Bc3 Bxc3 35. bxc3 Rxc3 36.
Rf3 Rxf3 37. Qxf3 Qh2+ 0-1

[Event "II Criciúma Chess Open - A1700 - 12-18"]
[Site "Criciúma SC"]
[Date "2024.01.12"]
[Round "1.12"]
[White "Piccoli, Lucas Fonseca"]
[Black "Bitencourt, Evandro Jose Dos S"]
[Result "1/2-1/2"]
[WhiteElo "2263"]
[BlackElo "1863"]
[PlyCount "96"]
[EventDate "2024.01.12"]
[EventRounds "9"]
[EventCountry "BRA"]

1. e4 c5 2. Nf3 d6 3. d4 cxd4 4. Nxd4 Nf6 5. Nc3 a6 6. Be2 e5 7. Nb3 Be6 8. Be3
Be7 9. Nd5 Nbd7 10. Qd2 $146 ({RR} 10. f3 Nxd5 11. exd5 Bf5 12. Qd2 O-O 13. O-O
h6 14. c4 a5 15. Rac1 a4 16. Na1 Bg5 17. Nc2 Bxc2 18. Rxc2 Bxe3+ 19. Qxe3 Qg5
20. f4 exf4 21. Qxf4 Qxf4 22. Rxf4 b6 23. Rc3 Rfe8 24. Kf2 Nc5 {Dutreeuw,M 
(2395)-Gallagher,J (2445) London 1988 1-0 (51)}) ({RR} 10. f3 Bxd5 11. exd5 Nh5
12. Qd2 O-O 13. Na5 f5 14. O-O-O f4 15. Bf2 e4 16. Qb4 e3 17. Be1 Nc5 18. Kb1
Bh4 19. Bc3 Bf6 20. Be1 Bh4 {1/2-1/2 (20) Sitnikov,D (2436)-Nevostrujev,V 
(2477) Kemerovo 2010}) ({RR} 10. f3 Rc8 11. c4 Nh5 12. Qd2 Bxd5 13. cxd5 h6 14.
Na5 Rb8 15. Nc4 O-O 16. g3 Rc8 17. O-O Nhf6 18. Rfc1 Rc7 19. Na5 Ne8 20. Rxc7
Qxc7 21. Rc1 Qb8 22. Bxa6 bxa6 23. Nc6 Qb7 24. Nxe7+ Kh7 {Smirnov,T (2347)
-Teiitbaev,A (2229) Moscow RUS 2019 1-0 (36)}) ({RR} 10. f3 Nxd5 11. exd5 Bf5
12. Qd2 O-O 13. Na5 Qc7 14. c4 Bg6 15. b4 Rfe8 16. O-O f5 17. Rac1 Bf8 18. c5
dxc5 19. d6 Bxd6 20. Rfd1 Nf6 21. Qxd6 Qxd6 22. Rxd6 cxb4 23. Bg5 Rac8 24. Rxc8
Rxc8 {Kruszynski,W (2345)-Brondum,E (2260) Copenhagen 1989 1-0 (36)}) ({RR} 10.
f3 O-O 11. Nxe7+ Qxe7 12. c4 Rac8 13. Rc1 Rc7 14. Qd2 Rfc8 15. Qb4 Nxe4 16.
fxe4 Qh4+ 17. Bf2 Qxe4 18. Qxd6 Bxc4 19. Rxc4 Rxc4 20. Qd1 Rc2 21. O-O Qxe2 22.
Qxd7 R2c7 23. Qd6 f6 24. Nc5 Qxb2 {Rehorek,M-Nemec,P (2225) Karvina 1989 0-1})
10... Bxd5 11. exd5 Qc7 12. c4 b6 13. O-O O-O 14. Rae1 Ne8 15. Bg4 Nc5 16. Qc2
g6 17. Bh6 Ng7 18. Nd2 f5 19. Bh3 e4 20. f3 exf3 21. gxf3 Bh4 22. Re2 Rfe8 23.
Rxe8+ Rxe8 24. b4 Nd7 25. Qb3 Ne5 26. Be3 Nd7 27. Rc1 Kh8 28. Bf1 Qd8 29. Bg2
Qe7 30. Nf1 Nh5 31. f4 Nhf6 32. Bd4 Kg8 33. Bf3 Ne4 34. Rc2 Bf6 35. Be3 Qg7 36.
Qd3 Kh8 37. Rg2 Qe7 38. Bd1 Bg7 39. Ba4 Rb8 40. Bc6 Ndf6 41. h3 Nh5 42. Qd1 Qh4
43. Qf3 Qe1 44. a3 Qa1 45. Bd2 Bd4+ 46. Be3 Bg7 47. Bd2 Bd4+ 48. Be3 Bg7
1/2-1/2